| 000 | 00423nam a2200157 i 4500 | ||
|---|---|---|---|
| 001 | 45246 | ||
| 003 | ES-MaACL | ||
| 005 | 20230906161203.0 | ||
| 007 | t| | ||
| 008 | 030325s1915 ag ||||1| spa d | ||
| 100 | 1 |
_aCobos Daract, J. _939372 |
|
| 245 | 1 | 0 |
_aLógica / _cJ. Cobos Daract. |
| 260 |
_aBuenos Aires : _bLib. "la Facultad", _c1915 ( _fGuillermo Kraft) |
||
| 300 |
_a376 p. ; _c22 cm. |
||
| 852 |
_aES-MaACL _jC-2858 |
||
| 999 |
_c45246 _d45246 |
||